| 000 | 01410nam a2200241Ia 4500 | ||
|---|---|---|---|
| 003 | Ost | ||
| 005 | 20260507075626.0 | ||
| 008 | 260507s9999||||xx |||||||||||||| ||und|| | ||
| 020 | _a9789947780152 | ||
| 040 | _cfsecg | ||
| 041 | _aara | ||
| 082 | _a346.482 | ||
| 100 |
_aمغراوي، محي الدين عبد القادر _eمؤلف |
||
| 245 | 0 |
_aالعلامة التجارية من منظورإستهلاكي / _c محي الدين عبد القادر مغراوي |
|
| 260 |
_aالجزائر: _bالنشر الجامعي الجديد, _c2020 |
||
| 300 |
_a173 صفحة؛ _bأشكال بيانية، جداول، صور _c24 سم |
||
| 504 | _aمراجع ص.163 | ||
| 520 | _aفهم سلوك المستهلك وأنواعه والعوامل المؤثرة عليه، العلامة والعلاقة معه من خلال الأسس النظرية للعلامة التجارية و روابطها، كذلك وقع العلامة على سلوك المستهلك اضافة الى العوامل المساهمة في اختيار هذه العلامة مع أوجه تأثيرها على سلوكه من خلال الوعي والتصورات الايجابية مع تغيير الاتجاهات وتطوير الثقة أوالمخاطرة في الشراء | ||
| 653 | _aالاستهلاك | ||
| 653 | _aالتسويق | ||
| 653 | _aالعلامات التجارية | ||
| 942 | _cكتاب | ||
| 999 |
_c45171 _d45171 |
||